000 00512 a2200169 4500
003 OSt
005 20231106135711.0
008 231106b |||||||| |||| 00| 0 eng d
020 _a9789384355784
040 _coclc
082 _a954.83
_bKUN/K
100 _aKunhi, U K Muhammed
_99839
245 _aKanal padhangal thandiya Muslim League /
_cU K Muhammad Kunhi
260 _aAbu Dhabi:
_bGenius Publications,
_c2022.
300 _a320 p
942 _2ddc
_cBK
_h954.83
_iKUN/K
_k954.83
_mKUN/K
999 _c42819
_d42819